Las cruzadas
Salvato in:
| Autore principale: | |
|---|---|
| Natura: | Libro |
| Lingua: | spagnolo |
| Pubblicazione: |
Ciudad de México
Latino Americana
1957
|
| Soggetti: | |
| Tags: |
Aggiungi Tag
Nessun Tag, puoi essere il primo ad aggiungerne!!
|
MARC
| LEADER | 00000nam a2200000 a 4500 | ||
|---|---|---|---|
| 001 | UCZ0904 | ||
| 003 | CL-VaPUC | ||
| 008 | 950810e19570000MX |||||||||||||||||spa|d | ||
| 082 | 0 | 4 | |a 823 |b SCO |2 21 |
| 100 | 0 | |a Scott, Walter |e author |9 344194 | |
| 245 | 1 | 4 | |a Las cruzadas |
| 300 | |a 207 p | ||
| 942 | |c BK | ||
| 945 | |d 19950810 00:00:00 |a rbrito | ||
| 260 | |a Ciudad de México |b Latino Americana |c 1957 | ||
| 650 | 0 | |a Novelas inglesas |9 265220 | |
| 583 | |a last modification |c 19950810 00:00:00 |k Rodrigo Vera | ||
| 999 | |c 237771 |d 237769 | ||
| 952 | |0 0 |1 0 |4 0 |6 823_000000000000000_SCO_1957 |7 0 |8 A |9 247457 |a BIBEDU |b BIBEDU |d 2019-11-18 |i 3107957 |l 1 |o 823 SCO 1957 |p 3107957 |r 2023-07-04 |s 2023-07-04 |w 2019-11-18 |y BK |k LIT | ||